| 000 | 01137cam a22002651i 4500 | ||
|---|---|---|---|
| 003 | SA-RiAUC | ||
| 005 | 20250727065558.0 | ||
| 008 | 250726s1995 su a g 00010aara c | ||
| 040 |
_aSA-EnSBSSC _bara _cSA-RiAUC _erda |
||
| 043 | _aa-su--- | ||
| 082 | 0 | 4 |
_a320.9531 _qSA-RiAUC |
| 090 |
_a320.9531 _b م ر ش |
||
| 100 | 1 |
_aمرشد، أحمد أمين صالح، _d1369 هجري- _eمؤلف. |
|
| 245 | 1 | 0 |
_aطيبة وذكريات الأحبة / _cأحمد أمين صالح مرشد ؛ مراجعة وتقديم عبيد الله محمد أمين كردي. |
| 250 | _aالطبعة الثالثة. | ||
| 264 | 1 |
_aجدة، السعودية : _bالشركة السعودية للتوزيع، _c1995 |
|
| 300 |
_a4 مجلد : _bإيضاحيات ؛ _c24 سم |
||
| 336 |
_aنص _btxt _2rdacontent _3كتاب |
||
| 337 |
_aبدون وسيط _bn _2rdamedia |
||
| 338 |
_aمجلد _bnc _2rdacarrier |
||
| 651 | 7 |
_aالمدينة المنورة _vتراجم _2aucsh |
|
| 700 | 1 |
_aكردي، عبيد الله بن محمد أمين، _d1360 هجري- _eمراجع. |
|
| 942 |
_2ddc _cBOOK _n0 |
||
| 949 |
_aSA-JeALM _d250726 _umohamedma123 _n1 |
||
| 999 |
_c10336 _d10336 |
||